Эффективное использование топливно-энергетических ресурсов : (Record no. 141272)
[ view plain ]
| 000 -LEADER | |
|---|---|
| fixed length control field | 00864nam a2200205 u 4500 |
| 001 - CONTROL NUMBER | |
| control field | 000369572 |
| 003 - CONTROL NUMBER IDENTIFIER | |
| control field | AM-YeHGA |
| 005 - DATE AND TIME OF LATEST TRANSACTION | |
| control field | 20250617131848.0 |
| 008 - FIXED-LENGTH DATA ELEMENTS--GENERAL INFORMATION | |
| fixed length control field | 041014s1983 ||||||||||||||||||||rus d |
| 040 ## - CATALOGING SOURCE | |
| Original cataloging agency | AM-YeHGA |
| 041 0# - LANGUAGE CODE | |
| Language code of text/sound track or separate title | rus |
| 090 ## - LOCALLY ASSIGNED LC-TYPE CALL NUMBER (OCLC); LOCAL CALL NUMBER (RLIN) | |
| -- | 142652 |
| 245 00 - TITLE STATEMENT | |
| Title | Эффективное использование топливно-энергетических ресурсов : |
| Remainder of title | Отыт и практика СССР, ВНР, ГДР и ЧССР / |
| Statement of responsibility, etc. | Под ред. Д.Б. Вольфберга. |
| 260 ## - PUBLICATION, DISTRIBUTION, ETC. | |
| Place of publication, distribution, etc. | Москва : |
| Name of publisher, distributor, etc. | Энергоатомиздат, |
| Date of publication, distribution, etc. | 1983. |
| 300 ## - PHYSICAL DESCRIPTION | |
| Extent | 208 с. : |
| Other physical details | ил. |
| 440 #0 - SERIES STATEMENT/ADDED ENTRY--TITLE | |
| Title | Экономия топлива и электроэнергии |
| 650 14 - SUBJECT ADDED ENTRY--TOPICAL TERM | |
| Topical term or geographic name entry element | Общая энергетика |
| 650 14 - SUBJECT ADDED ENTRY--TOPICAL TERM | |
| Topical term or geographic name entry element | Экономия электроэнергии и топлива |
| 700 1# - ADDED ENTRY--PERSONAL NAME | |
| Personal name | Вольфберг, Д.Б. |
| Relator term | ред. |
| Relationship | edt |
| Withdrawn status | Lost status | Damaged status | Not for loan | Collection | Home library | Current library | Date acquired | Total checkouts | Full call number | Barcode | Date last seen | Price effective from | Koha item type | Public note |
|---|---|---|---|---|---|---|---|---|---|---|---|---|---|---|
| General | Fundamental Scientific Library | Fundamental Scientific Library | 22/12/2016 | PII/508234 | FL0217105 | 22/12/2016 | 22/12/2016 | Գրքեր / Books | 30 Days Loan |
ՀՀ Գիտությունների ազգային ակադեմիայի հիմնարար գիտական գրադարան = Fundamental Scientific Library of NAS RA
All site content, except where otherwise noted, is licensed under a